Normal view
MARC view
Entry Personal Name
001 - CONTROL NUMBER
- control field: 16952
003 - CONTROL NUMBER IDENTIFIER
- control field: OSt
005 - DATE AND TIME OF LATEST TRANSACTION
- control field: 20240412112814.0
008 - FIXED-LENGTH DATA ELEMENTS
- fixed length control field: 240412|| aca||aabn | a|a d
040 ## - CATALOGING SOURCE
- Original cataloging agency: OSt
- Transcribing agency: OSt
100 ## - HEADING--PERSONAL NAME
- Personal name: Edited by Carlander,Kenneth D
670 ## - SOURCE DATA FOUND
- Source citation: Work cat.: (OSt)7258: Edited by Carlander,Kenneth D., Handbook of Freshwater Fishery Biology, 1977
